000 01870ngm a2200385 4500
003 dpl
005 20080723110517.0
007 DVD
008 ||||||sp199 xxu|||||c|||| 00| 0 eng d
010 _aDVD-001087-1089
024 _aA3996
_c499.00
035 _aDVD-001087-1089
040 _aDPL
_cDPL
082 _aDVD / VIND
245 _aVin Diesel Is The Pacifier
_cWalt Disney Home Entertainment
_h[videorecording] DVD/
246 _a.
260 _bWalt Disney Home Entertainment
300 _a1 videodisc DVD; (95 min.) :
_bsd., col. ;
_c4 3/4 in.
_fDVD
440 _aWalt Disney Home Entertainment
500 _aSole Distributor in India M/s. Excel Productions Autio Visuals Pvt. Ltd.
500 _aSpecial Features: Deleted Scene, Blooper Reel, Backstage Disney
500 _aThis DVD is Copy Protected
538 _aDolby Digital 5.1 -English,Mandarin, Thai, Korean Subtitles: English, Chinesse, Bahasa, thai, Korean
538 _aAspect Ratio: 1.33:1, Presentation type:Full Frame, Presentation Size 4x3, Format DVD 9 Dual Layer Single Sided Disc.
650 _aMotion Picture
700 _aShanhman, Adam
700 _aGraham, Lauren
700 _aFord, Fataeh
700 _aTheriot, Max
942 _cCF
_2ddc
_hDVD
_mVIND
999 _c16909
_d16909